000 00893nam a2200193 a 4500
008 090224s1948 ||||||||||||||||| || u
050 _aGOV.ZAM(058)CIP/1948
110 _aGovernment of the Republic of Zambia. Central Statistical Office
245 1 0 _aFirst report on the census of industrial production, 1947
_cCompiled by Central African Statistical Office, Salisbury
260 _aSalisbury:
_bCentral Statistical Office (CSO)-Zambia
_c1948
300 _a8p.: ill.
350 _a0.00
650 _aCENSUS (1947)--ZAMBIA
650 3 _aP0PULATION STATISTICS
650 _aZAMBIA--INDUSTRIES--STATISTICS
650 _aINDUSTRIAL PRODUCTIVITY--STATISTICS--ZAMBIA
710 _aCentral African Statistical Office, Salisbury
995 _D0.00
_FCBU-MAIN LIBRARY (Kitwe)
_H1
_I0.00
_M1
_UAVAILABLE
_WFeb 24, 2009
_ZZambiana Collection
999 _c43567
_d43567